Open Data Biblioteca Nacional de Portugal


República Portuguesa: Ministério da Cultura
Biblioteca Nacional de Portugal

Catálogo da BNP: acesso por Identificadores Unívocos
Registos Bibliográficos associados ao registo de autoridade

Etiqueta de registo: 00000nkm 2200025 450
001 2281274
003 http://id.bnportugal.gov.pt/bib/catbnp/2281274
100 ## $a20260318d1989 m y0pory01030103ba
101 0# $apor
102 ## $aPT
200 1# $aExposição, 1.ª Amostra de Trabalhos dos C.P.Cs do Concelho de Loulé, 1989, 12 maio a 11 junho$bVisual gráfico]$fCâmara Municipal de Loulé
210 #9 $aLoulé$cCâmara Municipal de Loulé,$d1989
215 ## $a1 cartaz$ccolor.$d42,2x30 cm
317 ## $aColeção Madeira Luís
710 02 $aAmostra de Trabalhos dos C.P.Cs do Concelho,$d1,$eLoulé,$f1989$31992194
712 01 $aLoulé.$bCâmara Municipal$330552
801 #0 $aPT$bBN$gRPC
966 ## $lBN$mICONOG$sCT. 16443 V.$x3
971 ## $cCaticonografia9$d20260318
995 ## $aPRR2026

OpendataBNP@bnportugal.pt | Mais informação sobre acesso aos dados BNP